MARC

LEADER 00000nam0a2200000 4500
001 274501
005 20231101234732.0
020 |a RU  |b 85-101253 
035 |a (RuTPU)RU\TPU\book\297711 
090 |a 274501 
100 |a 20141106d1985 k y0rusy5003 ca 
101 0 |a rus 
102 |a RU 
105 |a a z 001zy 
200 1 |a САПР ТП сварки, пайки, литья и нанесения газотермических покрытий  |e материалы семинара  |f Общество "Знание" РСФСР ; Московский Дом научно-технической пропаганды 
210 |a Москва  |c Изд-во МДНТП  |d 1985 
215 |a 181 с.  |c ил.  |d 20 см 
320 |a Библиография в конце статей 
606 1 |a Сварка  |x Автоматизация  |x Автоматизация и механизация комплексная  |2 stltpush  |3 (RuTPU)RU\TPU\subj\53901  |9 72065 
606 1 |a Литейное производство  |x Автоматизация  |2 stltpush  |3 (RuTPU)RU\TPU\subj\40293  |9 60150 
606 1 |a Защитные покрытия  |x Нанесение  |x Автоматизация  |2 stltpush  |3 (RuTPU)RU\TPU\subj\11431  |9 38368 
610 1 |a САПР 
610 1 |a система автоматизированного проектирования 
610 1 |a паяние 
610 1 |a газопламенное напыление 
610 1 |a технологическое проектирование 
610 1 |a газотермическое нанесение 
610 1 |a семинары 
675 |a 621.791:65.011.5(063)  |z rus  |v 3 
675 |a 621.74:658(063)  |z rus  |v 3 
675 |a 621.793(063)  |z rus  |v 3 
712 0 2 |a Общество "Знание" РСФСР  |c (Москва)  |2 stltpush  |3 (RuTPU)RU\TPU\col\7484 
712 0 2 |a Московский Дом научно-технической пропаганды  |2 stltpush  |3 (RuTPU)RU\TPU\col\7885  |9 24405 
801 0 |a RU  |b RuMRKP  |c 19950704  |g psbo 
801 1 |a RU  |b 63413507  |c 20141106 
801 2 |a RU  |b 63413507  |c 20170323  |g RCR 
942 |c BK